000 00727nam a22001937a 4500
999 _c20993
_d20993
003 AR-CdUCM
008 190723b ||||| |||| 00| 0 spa d
040 _aMUNICIPALIDAD PROVINCIAL DEL CUSCO
_cBIBLIOTECA MUNICIPAL DEL CUSCO
082 _aC / 388.3 /
_bR44
100 _aRettis M., Efrain
_943788
245 _aIngeniería de transito /
260 _aCusco :
_c1987.
300 _a100 , VI páginas
_bilustraciones , mapas ;
_c31 cm.
505 _aContenido : Antecedentes evolución del transporte y el medio urbano -- Planificación vial -- Características de los elementos del transito -- Canalización del transito ...
650 _aTransito
_943789
650 _aCusco
_9772
942 _2ddc
_cLIBROS
945 _azta